Tottenham Hotspur Players 2024 - Statistics

General Stats
  • This quiz has been taken 86 times
  • The average score is 14 of 20
Answer Stats
Hint Answer % Correct
GK Vicario
95%
FW Son
94%
CB Romero
90%
RB Porro
84%
CB van de Ven
83%
FW Richarlison
81%
LB Udogie
81%
CM Maddison
79%
CM Sarr
78%
CM Bissouma
75%
FW Johnson
71%
CM Kulusevski
71%
CB Davies
70%
RB Emerson
65%
CM Højbjerg
57%
CM Skipp
54%
FW Werner
49%
FW Gil
40%
CM Lo Celso
40%
CM Bentacur
21%
No matching quizzes found
Score Distribution
Percent of People with Each Score
Percentile by Number Answered
Your Score History
You have not taken this quiz